Dictionary fo historical terms : (Record no. 134130)

MARC details
000 -LEADER
fixed length control field 00670nam a22002177a 4500
005 - DATE AND TIME OF LATEST TRANSACTION
control field 20170124110221.0
010 ## - LIBRARY OF CONGRESS CONTROL NUMBER
LC control number A-286505
020 ## - INTERNATIONAL STANDARD BOOK NUMBER
Terms of availability 00.00
International Standard Book Number 0333284704
035 ## - SYSTEM CONTROL NUMBER
System control number A-286505
037 ## - SOURCE OF ACQUISITION
Source of stock number/acquisition Cen Lib/Ret
040 ## - CATALOGING SOURCE
Original cataloging agency DPL
Language of cataloging EN
082 ## - DEWEY DECIMAL CLASSIFICATION NUMBER
Classification number 903
Item number COO
100 ## - MAIN ENTRY--PERSONAL NAME
Personal name Cook, Chris
9 (RLIN) 7805
245 ## - TITLE STATEMENT
Title Dictionary fo historical terms :
Statement of responsibility, etc by Chris Cook
Remainder of title a guide to the main themes, events, cliques and innuendoes of over 1000 years of world history /
260 ## - PUBLICATION, DISTRIBUTION, ETC. (IMPRINT)
Place of publication, distribution, etc London
Name of publisher, distributor, etc The macmillan press
Date of publication, distribution, etc 1983
270 ## - ADDRESS
City London
300 ## - PHYSICAL DESCRIPTION
Extent 304p.
Dimensions 21cm(Hb)
Accompanying material
500 ## - GENERAL NOTE
General note
650 ## - SUBJECT ADDED ENTRY--TOPICAL TERM
Topical term or geographic name as entry element History
Form subdivision Dictionary
9 (RLIN) 39874
942 ## - ADDED ENTRY ELEMENTS (KOHA)
Source of classification or shelving scheme Dewey Decimal Classification
Koha item type English Books
Classification part 903
Call number suffix COO
Holdings
Withdrawn status Lost status Damaged status Not for loan Collection code Home library Current library Date acquired Source of acquisition Cost, normal purchase price Total Checkouts Full call number Barcode Date last seen Copy number Cost, replacement price Price effective from Koha item type
      Not For Loan Reference Central Library Central Library 29/07/2015 Cen Lib/Ret 0.00   903 COO A-286505 29/07/2015 1 0.00 29/07/2015 English Books

© Delhi Public Library
Hit Counter
free hit counter